福爾摩斯與巴斯克維爾的獵犬

資料類型: Book 圖書   書目號:56344

Leader xxxxxxxxxx
001 __ PCLIS00056344
005 __ 20221207095815.0
010 0_ |a978-626-307-603-7|b平裝|dNT$350
042 __ |anbim
100 __ |a20220401d2022    d  y0chiy09      e
101 1_ |achi|ceng
102 __ |atw
105 __ |aa   z   000fy
200 1_ |a福爾摩斯與巴斯克維爾的獵犬|e|f亞瑟.柯南.道爾(Arthur Conan Doyle)原著 ; 傑克.諾爾(Jack Noel)改寫.繪圖|g郭庭瑄譯
205 __ |a初版
210 __ |a臺北市|c弘雅三民圖書|d2022.06[民111]
211 __ |a2206
215 0_ |a[271]面|c|d21公分
225 2_ |a漫畫文學經典系列|v
225 1_ |a小書芽
300 __ |a版權頁題名: 漫畫文學經典系列 : 福爾摩斯與巴斯克維爾的獵犬
300 __ |a全新插圖. 改寫自柯南.道爾原著小說 (只是刪減了一點點而已! )
300 __ |a國語注音
333 __ |a中低年級適讀
454 _1 |12001 |aComic classics|ethe hound of Baskervilles|zeng
461 _1 |12001 |a漫畫文學經典系列
517 1_ |aThe hound of the Baskervilles|zeng
606 __ |2cst|a兒童故事
606 __ |2cst|a偵探小說
681 __ |a873.596|b833
700 _1 |a諾爾|b|c(Noel, Jack)|4改寫|4繪圖
701 _1 |a道爾|c(Doyle, Arthur Conan)|f1859-1930|4702 _1 |a|b庭瑄|4770 _1 |aNoel, Jack
771 _1 |aDoyle, Arthur Conan|f1859-1930
801 _0 |atw|bCIP
801 _1 |atw|b內湖高中|c20221207|gCCR
801 _2 |atw|b內湖高中|c20221207|gCCR
  
詳細館藏(共 1 筆)
索 書 號登 錄 號冊次號館別 / 館藏地流通類型狀態加入預約清單電子資源
873.596 / 833 2020886  圖書館 / 二樓漫畫專區 可外借30天 在館   

| 條列資料




目錄查詢 分類查詢 個人資料 圖書薦購 新書查詢 閉館日 排行榜 更多電子資源 Hami書城 線上資料庫 登出

From : 216.73.216.116

  本日流通累計至 21:39:37 借閱 : 0 次 續借 : 0 次 歸還 : 0 次 預約 : 0 次 電子資源 : 0 次


內湖高中圖書館  PCLIS 版本  25.5.0.2